| 000 | 00345nam a22001457a 4500 | ||
|---|---|---|---|
| 020 | _a81-7133-802-X | ||
| 082 |
_a595 _bKOT/A |
||
| 100 | _aKOTPAL, R.L | ||
| 245 |
_aARTHROPODA _bZOOLOGY PHYLUM |
||
| 250 | _aELEVENTH EDITION | ||
| 260 |
_aMEERUT _bRASTOGI PUBLICATIONS _c2005 |
||
| 300 | _a495 | ||
| 650 |
_aBIOLOGY REFERENCE _zINDIA |
||
| 942 | _cBK | ||
| 999 |
_c1399 _d1399 |
||